[Event "NB1 Charousek csoport"]
[Site "Alsoszolnok"]
[Date "2024.11.03"]
[Round "1.5"]
[White "Balogh, Peter"]
[Black "Buzas, Bertalan"]
[Result "0-1"]
[WhiteElo "2045"]
[BlackElo "2300"]
[PlyCount "126"]
[EventDate "2024.11.03"]
[EventType "team-tourn"]
[EventRounds "11"]
[EventCountry "HUN"]
[Source "chess.hu"]
[SourceDate "2024.11.04"]
[WhiteTeam "Esztergomi SC"]
[BlackTeam "SZ-A STE"]
[WhiteTeamCountry "HUN"]
[BlackTeamCountry "HUN"]

1. e4 c6 2. d4 d5 3. Nc3 dxe4 4. f3 Nf6 5. fxe4 e5 6. Nf3 exd4 7. Qxd4 Qxd4 8.
Nxd4 Bb4 9. Bd3 O-O 10. Bg5 Ng4 11. h3 Ne5 12. O-O-O Nbd7 13. Nf5 Nb6 14. Be7
Bxe7 15. Nxe7+ Kh8 16. Nxc8 Raxc8 17. Be2 Kg8 18. Rd6 Rfd8 19. Rxd8+ Rxd8 20.
Rd1 Re8 21. b3 Kf8 22. Bf3 Ke7 23. Kd2 Nbd7 24. Ne2 Nc5 25. Ke3 Ne6 26. Nd4
Nxd4 27. Rxd4 Rc8 28. c3 f6 29. Be2 g6 30. g3 h5 31. Rd1 Rh8 32. h4 Ke6 33. Bf1
Ke7 34. Be2 Rd8 35. Rxd8 Kxd8 36. b4 Ke7 37. Kd4 Kd6 38. c4 c5+ 39. bxc5+ Ke6
40. c6 Nxc6+ 41. Kc5 Ke5 42. g4 hxg4 43. Bxg4 Nd4 44. h5 gxh5 45. Bxh5 Ne6+ 46.
Kb5 Kxe4 47. a4 Kd4 48. Bf3 Nc7+ 49. Kb4 b6 50. a5 bxa5+ 51. Kxa5 Kxc4 52. Bg4
Kd4 53. Bd7 Ke4 54. Kb4 Kd5 55. Bc8 Kc6 56. Ka5 Kd6 57. Kb4 Ke5 58. Kc5 f5 59.
Bd7 f4 60. Bc6 Ne6+ 61. Kb4 Kd4 62. Ka5 Nc7 63. Bh1 Ke3 0-1

[Event "NB1 Charousek csoport"]
[Site "Alsoszolnok"]
[Date "2024.11.03"]
[Round "1.6"]
[White "Gjuran, Denis"]
[Black "Petervari, Szabolcs"]
[Result "1-0"]
[WhiteElo "2253"]
[BlackElo "2075"]
[PlyCount "69"]
[EventDate "2024.11.03"]
[EventType "team-tourn"]
[EventRounds "11"]
[EventCountry "HUN"]
[Source "chess.hu"]
[SourceDate "2024.11.04"]
[WhiteTeam "SZ-A STE"]
[BlackTeam "Esztergomi SC"]
[WhiteTeamCountry "HUN"]
[BlackTeamCountry "HUN"]

1. e4 d6 2. d4 Nf6 3. Nc3 g6 4. Bg5 Bg7 5. Qd2 h6 6. Bh4 g5 7. Bg3 Nh5 8. Nge2
Nc6 9. O-O-O e5 10. dxe5 Nxe5 11. Nd4 Nc6 12. Bb5 Bd7 13. Nce2 Qf6 14. c3 a6
15. Bxc6 bxc6 16. f3 c5 17. Nc2 Be6 18. a3 Nxg3 19. Nxg3 h5 20. Ne3 O-O-O 21.
Qd3 Kb7 22. Ngf5 Bf8 23. g3 c6 24. c4 Bxf5 25. Nxf5 Kc7 26. Rd2 Rg8 27. Rhd1
Rg6 28. Qc2 Rb8 29. f4 gxf4 30. gxf4 Bh6 31. e5 dxe5 32. Rd7+ Kc8 33. Ne7+ Qxe7
34. Rxe7 Bxf4+ 35. Kb1 1-0

[Event "NB1 Charousek csoport"]
[Site "Alsoszolnok"]
[Date "2024.11.03"]
[Round "1.7"]
[White "Szabo, Abel"]
[Black "Buzeti, Jernej"]
[Result "1/2-1/2"]
[WhiteElo "2086"]
[BlackElo "2239"]
[PlyCount "54"]
[EventDate "2024.11.03"]
[EventType "team-tourn"]
[EventRounds "11"]
[EventCountry "HUN"]
[Source "chess.hu"]
[SourceDate "2024.11.04"]
[WhiteTeam "Esztergomi SC"]
[BlackTeam "SZ-A STE"]
[WhiteTeamCountry "HUN"]
[BlackTeamCountry "HUN"]

1. e4 c5 2. Nf3 d6 3. d4 cxd4 4. Nxd4 Nf6 5. Nc3 a6 6. Bg5 e6 7. f4 Qb6 8. Qd2
Nc6 9. O-O-O Qxd4 10. Qxd4 Nxd4 11. Rxd4 h6 12. Bh4 Bd7 13. Be2 Bc6 14. Bf3 Nd7
15. Rhd1 Rc8 16. f5 Ne5 17. fxe6 fxe6 18. Be2 g6 19. Kb1 Rh7 20. R4d2 Rf7 21.
Bg3 b5 22. a3 h5 23. Rd4 Rb8 24. Na2 h4 25. Bxh4 Rf4 26. Bg3 Rxe4 27. Rxe4 Bxe4
1/2-1/2

[Event "NB1 Charousek csoport"]
[Site "Alsoszolnok"]
[Date "2024.11.03"]
[Round "1.8"]
[White "Hardicsay, Peter"]
[Black "Nemeth, Eugen"]
[Result "1/2-1/2"]
[WhiteElo "2167"]
[BlackElo "2046"]
[PlyCount "93"]
[EventDate "2024.11.03"]
[EventType "team-tourn"]
[EventRounds "11"]
[EventCountry "HUN"]
[Source "chess.hu"]
[SourceDate "2024.11.04"]
[WhiteTeam "SZ-A STE"]
[BlackTeam "Esztergomi SC"]
[WhiteTeamCountry "HUN"]
[BlackTeamCountry "HUN"]

1. c4 Nf6 2. Nc3 g6 3. e4 d6 4. d4 Bg7 5. f3 O-O 6. Be3 e5 7. Nge2 Nbd7 8. Qd2
exd4 9. Nxd4 Nc5 10. Be2 Bd7 11. O-O Re8 12. Rfe1 Ne6 13. Rad1 Nxd4 14. Bxd4 a5
15. Bf1 Bc6 16. c5 dxc5 17. Bxc5 Qxd2 18. Rxd2 Bh6 19. Be3 Bxe3+ 20. Rxe3 Rad8
21. Red3 Rxd3 22. Rxd3 Re7 23. Kf2 Kg7 24. Rd4 h5 25. h3 g5 26. Bb5 Bxb5 27.
Nxb5 Ne8 28. Rd8 Nf6 29. Rc8 c6 30. Nd6 Rd7 31. e5 Nd5 32. g3 f6 33. Rb8 b5 34.
Ne4 fxe5 35. Nxg5 Nb4 36. Ne4 Nd3+ 37. Ke2 Nxb2 38. Rc8 Rd4 39. Rxc6 Ra4 40.
Rc2 Nc4 41. Nc3 Rb4 42. Nxb5 Rxb5 43. Rxc4 Rb2+ 44. Ke3 Rxa2 45. Rc6 h4 46. g4
a4 47. Ra6 1/2-1/2

[Event "NB1 Charousek csoport"]
[Site "Alsoszolnok"]
[Date "2024.11.03"]
[Round "1.9"]
[White "Szabo, Lajos"]
[Black "Kovac, Boris"]
[Result "1/2-1/2"]
[WhiteElo "1999"]
[BlackElo "2191"]
[PlyCount "161"]
[EventDate "2024.11.03"]
[EventType "team-tourn"]
[EventRounds "11"]
[EventCountry "HUN"]
[Source "chess.hu"]
[SourceDate "2024.11.04"]
[WhiteTeam "Esztergomi SC"]
[BlackTeam "SZ-A STE"]
[WhiteTeamCountry "HUN"]
[BlackTeamCountry "HUN"]

1. c4 e6 2. Nc3 Nf6 3. d4 d5 4. Bg5 Be7 5. Nf3 c6 6. e3 Nbd7 7. Be2 O-O 8. O-O
Ne4 9. Bxe7 Qxe7 10. Qc2 f5 11. Nd2 Ndf6 12. Ndxe4 fxe4 13. f4 exf3 14. Rxf3 e5
15. cxd5 cxd5 16. Qb3 Rd8 17. Rxf6 gxf6 18. Nxd5 Rxd5 19. Qxd5+ Be6 20. Qf3
exd4 21. exd4 Rd8 22. Qf4 Bd5 23. Qf2 Qd6 24. b3 Be4 25. Rd1 Qb6 26. d5 Qxf2+
27. Kxf2 Kf7 28. Bf3 Bxf3 29. Kxf3 Ke7 30. Re1+ Kf7 31. Rd1 Ke7 32. Ke4 Rg8 33.
g3 Rg4+ 34. Kf3 Rg5 35. Re1+ Kd7 36. Re6 Rf5+ 37. Ke3 h5 38. h3 Rf1 39. Ke2 Rf5
40. g4 hxg4 41. hxg4 Rf4 42. Ke3 Rf1 43. Ke2 Rf4 44. Kd3 Rf2 45. a4 Rb2 46. Kc3
Rf2 47. a5 Rf4 48. a6 bxa6 49. Rxa6 Rxg4 50. Rxf6 Kc7 51. Rc6+ Kb7 52. b4 a6
53. Rc4 Rg1 54. Rh4 Kb6 55. Kc4 Rc1+ 56. Kd4 Kc7 57. Rh7+ Kb6 58. Rh4 Kc7 59.
Ke5 Re1+ 60. Re4 Rh1 61. Rc4+ Kd7 62. Rc6 Ra1 63. Rh6 a5 64. Rh7+ Kc8 65. b5
Rb1 66. Kd6 a4 67. Ra7 Kb8 68. Rxa4 Rxb5 69. Kc6 Rb1 70. Kd7 Rb7+ 71. Kc6 Rc7+
72. Kd6 Rh7 73. Rg4 Rh6+ 74. Kd7 Rh7+ 75. Kd6 Rh6+ 76. Kc5 Kc7 77. Rg7+ Kd8 78.
Ra7 Rg6 79. Rb7 Rh6 80. Rb4 Kd7 81. Rb7+ 1/2-1/2

[Event "NB1 Charousek csoport"]
[Site "Alsoszolnok"]
[Date "2024.11.03"]
[Round "1.10"]
[White "Makk, Robert"]
[Black "Kovacs, Geza"]
[Result "1-0"]
[WhiteElo "2140"]
[BlackElo "1987"]
[PlyCount "120"]
[EventDate "2024.11.03"]
[EventType "team-tourn"]
[EventRounds "11"]
[EventCountry "HUN"]
[Source "chess.hu"]
[SourceDate "2024.11.04"]
[WhiteTeam "SZ-A STE"]
[BlackTeam "Esztergomi SC"]
[WhiteTeamCountry "HUN"]
[BlackTeamCountry "HUN"]

1. e4 c5 2. Nf3 a6 3. c4 Nc6 4. d4 cxd4 5. Nxd4 Nf6 6. Nc3 e5 7. Nc2 Bc5 8. Bg5
h6 9. Bxf6 Qxf6 10. Qd2 O-O 11. Bd3 Nb4 12. Ne3 d6 13. a3 Nxd3+ 14. Qxd3 Bxe3
15. Qxe3 Be6 16. b3 Qg6 17. O-O f5 18. exf5 Bxf5 19. Nd5 Rf7 20. f3 Rc8 21. Nb6
Rc6 22. a4 Bd3 23. Rf2 e4 24. f4 Qf5 25. a5 Rc5 26. Nd5 Rxd5 27. cxd5 Qxd5 28.
Qb6 Kh7 29. Re1 Rf5 30. b4 Qc6 31. Qd4 d5 32. g4 Rf7 33. f5 Bc4 34. Kg2 Qf6 35.
Qxf6 gxf6 36. Rd2 Rc7 37. Rd4 Rg7 38. Kg3 h5 39. h3 Kg8 40. Kf4 hxg4 41. hxg4
Rh7 42. Rexe4 dxe4 43. Rxc4 Rd7 44. Kxe4 Kg7 45. Rd4 Re7+ 46. Kd5 Kh6 47. Re4
Rc7 48. Re8 Kg5 49. Rg8+ Kf4 50. Rg6 Rc6 51. Rg7 Rc1 52. Rxb7 Kxg4 53. Rb6 Kxf5
54. Rxa6 Rd1+ 55. Kc5 Ke5 56. Ra8 Rc1+ 57. Kb6 Kd6 58. Rd8+ Ke7 59. Rd2 f5 60.
a6 Rc4 1-0

[Event "NB1 Charousek csoport"]
[Site "Alsoszolnok"]
[Date "2024.11.03"]
[Round "1.11"]
[White "Broderick, Tamas"]
[Black "Hitter, Gabriella"]
[Result "1/2-1/2"]
[WhiteElo "1980"]
[BlackElo "2044"]
[PlyCount "56"]
[EventDate "2024.11.03"]
[EventType "team-tourn"]
[EventRounds "11"]
[EventCountry "HUN"]
[Source "chess.hu"]
[SourceDate "2024.11.04"]
[WhiteTeam "Esztergomi SC"]
[BlackTeam "SZ-A STE"]
[WhiteTeamCountry "HUN"]
[BlackTeamCountry "HUN"]

1. d4 d5 2. c4 c6 3. Nf3 Nf6 4. g3 Bg4 5. Ne5 Bf5 6. Nc3 e6 7. Bg2 Be7 8. O-O
O-O 9. b3 Nbd7 10. Bb2 a6 11. h3 Nxe5 12. dxe5 Nd7 13. e4 dxe4 14. Nxe4 Nc5 15.
Qe2 Qc7 16. Kh2 Rfd8 17. Rfd1 Rxd1 18. Rxd1 Rd8 19. Nxc5 Bxc5 20. f4 h6 21. Bc3
a5 22. Rxd8+ Qxd8 23. Qe1 b6 24. Bxc6 Qd3 25. Qd2 Qf1 26. Qg2 Qd3 27. Qd2 Qf1
28. Qg2 Qd3 1/2-1/2

[Event "NB1 Charousek csoport"]
[Site "Alsoszolnok"]
[Date "2024.11.03"]
[Round "1.12"]
[White "Szabo, Zsombor"]
[Black "Skrlyik, Timea"]
[Result "1/2-1/2"]
[WhiteElo "1920"]
[BlackElo "1741"]
[PlyCount "127"]
[EventDate "2024.11.03"]
[EventType "team-tourn"]
[EventRounds "11"]
[EventCountry "HUN"]
[Source "chess.hu"]
[SourceDate "2024.11.04"]
[WhiteTeam "SZ-A STE"]
[BlackTeam "Esztergomi SC"]
[WhiteTeamCountry "HUN"]
[BlackTeamCountry "HUN"]

1. Nf3 c5 2. g3 Nc6 3. c4 g6 4. Bg2 Bg7 5. Nc3 e6 6. O-O Nge7 7. e3 d5 8. Qe2
O-O 9. Rd1 d4 10. Ne4 d3 11. Qf1 b6 12. Ne1 Ba6 13. Qxd3 Qxd3 14. Nxd3 Bxc4 15.
Nf4 Rad8 16. Bf1 Bxf1 17. Kxf1 Ne5 18. Ke2 N7c6 19. b3 Ng4 20. Rb1 Nxh2 21. f3
Ne5 22. Ng5 h6 23. Ngxe6 fxe6 24. Nxe6 Nhxf3 25. Nxf8 Rxf8 26. d4 cxd4 27. exd4
Ng4 28. Bb2 Ng5 29. Rf1 Re8+ 30. Kd3 Re3+ 31. Kc4 Rxg3 32. Rg1 Rxg1 33. Rxg1
Ne3+ 34. Kd3 Nd5 35. a3 Kf7 36. Re1 h5 37. Kc4 Nc7 38. Bc1 Nge6 39. Be3 b5+ 40.
Kd3 Nd5 41. Bf2 g5 42. Ke4 Nf6+ 43. Kf5 Nf4 44. Bg3 N6d5 45. Kxg5 Ne6+ 46. Kxh5
Nxd4 47. Be5 Bxe5 48. Rxe5 Nf6+ 49. Kg5 Nf3+ 50. Kf5 Nxe5 51. Kxe5 Ke7 52. a4
b4 53. Kd4 Kd6 54. Kc4 Nd5 55. Kb5 Ke5 56. Ka6 Kd4 57. Kxa7 Kc3 58. a5 Kxb3 59.
Kb7 Kc3 60. a6 b3 61. a7 b2 62. a8=Q b1=Q+ 63. Kc6 Ne7+ 64. Kd7 1/2-1/2

[Event "NB1 Charousek csoport"]
[Site "Biatorbagy"]
[Date "2024.11.03"]
[Round "1.1"]
[White "Horvath, Csaba"]
[Black "Fodor, Istvan"]
[Result "1-0"]
[WhiteElo "2494"]
[BlackElo "2321"]
[PlyCount "91"]
[EventDate "2024.11.03"]
[EventType "team-tourn"]
[EventRounds "11"]
[EventCountry "HUN"]
[Source "chess.hu"]
[SourceDate "2024.11.04"]
[WhiteTeam "Tuxera ANSK II."]
[BlackTeam "Biatorbagy II"]
[WhiteTeamCountry "HUN"]
[BlackTeamCountry "HUN"]

1. d4 d5 2. c4 c6 3. Nf3 Nf6 4. Nbd2 Bf5 5. Nh4 Be4 6. Qb3 Nbd7 7. f3 dxc4 8.
Qxb7 Bc2 9. Nxc4 Ba4 10. e4 Bb5 11. a4 Rb8 12. Qxa7 Ra8 13. axb5 Rxa7 14. Rxa7
Qb8 15. Ra5 e6 16. bxc6 Bb4+ 17. Bd2 Bxa5 18. Bxa5 O-O 19. g3 Qa7 20. cxd7 Nxd7
21. Ng2 Qxd4 22. Nge3 Ra8 23. Bc3 Ra1+ 24. Kf2 Qa7 25. Bg2 Ra4 26. Rd1 h5 27.
Bf1 Ra2 28. Be2 Nc5 29. Bd4 Qc7 30. Na3 Na4 31. Nb5 Qb8 32. Rb1 Nb6 33. Nc3 Ra8
34. f4 h4 35. b4 f6 36. e5 Nd7 37. exf6 gxf6 38. Bc4 Kf7 39. f5 Ne5 40. fxe6+
Kg6 41. Bd5 Ra3 42. Be4+ Kg5 43. e7 h3 44. b5 Ng6 45. Nf5 Ne5 46. Be3+ 1-0

[Event "NB1 Charousek csoport"]
[Site "Biatorbagy"]
[Date "2024.11.03"]
[Round "1.2"]
[White "Csoke, Krisztian"]
[Black "Galyas, Miklos"]
[Result "0-1"]
[WhiteElo "2226"]
[BlackElo "2374"]
[PlyCount "92"]
[EventDate "2024.11.03"]
[EventType "team-tourn"]
[EventRounds "11"]
[EventCountry "HUN"]
[Source "chess.hu"]
[SourceDate "2024.11.04"]
[WhiteTeam "Biatorbagy II"]
[BlackTeam "Tuxera ANSK II."]
[WhiteTeamCountry "HUN"]
[BlackTeamCountry "HUN"]

1. e4 c6 2. Nf3 d5 3. exd5 cxd5 4. Ne5 Nc6 5. Bb5 Bd7 6. Nxd7 Qxd7 7. d4 e6 8.
Be3 Bd6 9. Nc3 Nge7 10. Ne2 a6 11. Bd3 Nb4 12. Bf4 O-O 13. Bxd6 Qxd6 14. O-O
Rfc8 15. Nc1 Qc7 16. c3 Nbc6 17. Qh5 g6 18. Qh6 e5 19. dxe5 Nxe5 20. Re1 Re8
21. Qf4 N7c6 22. Nb3 Qb6 23. Qe3 Qxe3 24. Rxe3 Nc4 25. Rxe8+ Rxe8 26. Bxc4 dxc4
27. Nd2 b5 28. Nf3 Re2 29. Rb1 f6 30. Kf1 Rc2 31. Ne1 Rd2 32. Nf3 Rd3 33. Ke2
Kf7 34. Ne1 Rd6 35. Nf3 g5 36. h3 h5 37. g4 h4 38. Rd1 Rxd1 39. Kxd1 Ne7 40.
Nd4 Nd5 41. Ke2 Nf4+ 42. Kf3 Nxh3 43. a4 bxa4 44. Nf5 Nf4 45. Nd6+ Ke6 46. Nxc4
Nd3 0-1

[Event "NB1 Charousek csoport"]
[Site "Biatorbagy"]
[Date "2024.11.03"]
[Round "1.3"]
[White "Markoja, Boris"]
[Black "Felmery, Mate"]
[Result "1-0"]
[WhiteElo "2469"]
[BlackElo "2217"]
[PlyCount "73"]
[EventDate "2024.11.03"]
[EventType "team-tourn"]
[EventRounds "11"]
[EventCountry "HUN"]
[Source "chess.hu"]
[SourceDate "2024.11.04"]
[WhiteTeam "Tuxera ANSK II."]
[BlackTeam "Biatorbagy II"]
[WhiteTeamCountry "HUN"]
[BlackTeamCountry "HUN"]

1. d4 f5 2. Nc3 Nf6 3. Bg5 d5 4. e3 e6 5. Nce2 Bd6 6. Nf3 c6 7. a3 h6 8. Bf4
Qc7 9. Bxd6 Qxd6 10. Nf4 O-O 11. Ng6 Rd8 12. Nfe5 Bd7 13. g4 Nxg4 14. Nxg4 fxg4
15. Bd3 c5 16. dxc5 Qxc5 17. Qxg4 e5 18. Qh5 Nc6 19. Nxe5 Nxe5 20. Qxe5 Re8 21.
Qh5 Qd6 22. O-O-O Re5 23. Qh4 Rf8 24. Rhg1 Qf6 25. Qd4 Rh5 26. Qxa7 Bf5 27.
Qxb7 Bxd3 28. Rxd3 Rf7 29. Qc8+ Kh7 30. f4 Rxh2 31. Rxd5 Qb6 32. Qc3 Qf6 33.
Qd3+ Kg8 34. Rd6 Qe7 35. Kb1 Rh3 36. Rd8+ Rf8 37. Rd7 1-0

[Event "NB1 Charousek csoport"]
[Site "Biatorbagy"]
[Date "2024.11.03"]
[Round "1.4"]
[White "Dombai, Istvan"]
[Black "Bodo, Norbert"]
[Result "1/2-1/2"]
[WhiteElo "2168"]
[BlackElo "2395"]
[PlyCount "59"]
[EventDate "2024.11.03"]
[EventType "team-tourn"]
[EventRounds "11"]
[EventCountry "HUN"]
[Source "chess.hu"]
[SourceDate "2024.11.04"]
[WhiteTeam "Biatorbagy II"]
[BlackTeam "Tuxera ANSK II."]
[WhiteTeamCountry "HUN"]
[BlackTeamCountry "HUN"]

1. d4 Nf6 2. Nf3 g6 3. g3 Bg7 4. Bg2 O-O 5. O-O d5 6. h3 Ne4 7. Nbd2 Bf5 8.
Nxe4 Bxe4 9. c3 c6 10. Qb3 Qc8 11. Nd2 Bxg2 12. Kxg2 Nd7 13. e4 e6 14. Re1 Qc7
15. Nf3 dxe4 16. Rxe4 c5 17. Re2 Qc6 18. Be3 Rfd8 19. Rd1 c4 20. Qc2 Nb6 21.
Rde1 Re8 22. Bc1 f5 23. Bf4 Rad8 24. Qc1 Nd5 25. Be5 Bf8 26. a3 b5 27. h4 h6
28. Kg1 Nb6 29. Nh2 Kh7 30. Qf4 1/2-1/2

[Event "NB1 Charousek csoport"]
[Site "Biatorbagy"]
[Date "2024.11.03"]
[Round "1.5"]
[White "Krutti, Valer"]
[Black "Erdos, Boglarka"]
[Result "1-0"]
[WhiteElo "2240"]
[BlackElo "2115"]
[PlyCount "97"]
[EventDate "2024.11.03"]
[EventType "team-tourn"]
[EventRounds "11"]
[EventCountry "HUN"]
[Source "chess.hu"]
[SourceDate "2024.11.04"]
[WhiteTeam "Tuxera ANSK II."]
[BlackTeam "Biatorbagy II"]
[WhiteTeamCountry "HUN"]
[BlackTeamCountry "HUN"]

1. d4 Nf6 2. c4 g6 3. Nc3 d5 4. Nf3 Bg7 5. e3 O-O 6. Qb3 a5 7. cxd5 a4 8. Nxa4
Qxd5 9. Bc4 Qa5+ 10. Nc3 c5 11. O-O cxd4 12. Nxd4 Na6 13. Bd2 Nc5 14. Qc2 Qb6
15. b4 Na6 16. a3 Ng4 17. Nf3 Bd7 18. Nd5 Qd6 19. Rad1 b5 20. Bb3 e6 21. Nf4
Rac8 22. Qb1 Qe7 23. Qe4 Nf6 24. Qb7 Nb8 25. Ne5 Rfd8 26. Rc1 Bf8 27. Bc3 Be8
28. Qxe7 Bxe7 29. Bd4 Rxc1 30. Rxc1 Ne4 31. f3 Nd2 32. Ba2 g5 33. Nfd3 f6 34.
Bxe6+ Kg7 35. Ng4 Nc6 36. Nc5 Nxd4 37. exd4 Rxd4 38. Ne3 Bg6 39. Rd1 Bc2 40.
Rc1 Bg6 41. Ba2 Rd6 42. Ne6+ Kf7 43. Nxg5+ Ke8 44. Ne6 Bd3 45. Nf5 Bxf5 46.
Ng7+ Kd7 47. Nxf5 Rd3 48. Nxe7 Kxe7 49. Rc2 1-0

[Event "NB1 Charousek csoport"]
[Site "Biatorbagy"]
[Date "2024.11.03"]
[Round "1.6"]
[White "Nagy, Aron"]
[Black "Demeter, Dorina"]
[Result "1/2-1/2"]
[WhiteElo "2055"]
[BlackElo "2191"]
[PlyCount "59"]
[EventDate "2024.11.03"]
[EventType "team-tourn"]
[EventRounds "11"]
[EventCountry "HUN"]
[Source "chess.hu"]
[SourceDate "2024.11.04"]
[WhiteTeam "Biatorbagy II"]
[BlackTeam "Tuxera ANSK II."]
[WhiteTeamCountry "HUN"]
[BlackTeamCountry "HUN"]

1. e4 e5 2. Nf3 Nc6 3. d4 exd4 4. Nxd4 Nf6 5. Nxc6 bxc6 6. Nd2 d5 7. exd5 cxd5
8. Bb5+ Bd7 9. Bxd7+ Qxd7 10. O-O Be7 11. b3 O-O 12. Bb2 c5 13. h3 Rfe8 14. Qf3
Rac8 15. Rad1 Qc6 16. Rfe1 Nd7 17. Nf1 Nb6 18. Ne3 d4 19. Qxc6 Rxc6 20. Nf5 Re6
21. Rxe6 fxe6 22. Nxe7+ Rxe7 23. b4 Nc4 24. Bc1 e5 25. bxc5 Rc7 26. f4 Rxc5 27.
fxe5 Nxe5 28. Bb2 Rxc2 29. Bxd4 Nc6 30. Bxa7 1/2-1/2

[Event "NB1 Charousek csoport"]
[Site "Biatorbagy"]
[Date "2024.11.03"]
[Round "1.7"]
[White "Varga, Richard"]
[Black "Makay, Mark Janos"]
[Result "0-1"]
[WhiteElo "2052"]
[BlackElo "2051"]
[PlyCount "74"]
[EventDate "2024.11.03"]
[EventType "team-tourn"]
[EventRounds "11"]
[EventCountry "HUN"]
[Source "chess.hu"]
[SourceDate "2024.11.04"]
[WhiteTeam "Tuxera ANSK II."]
[BlackTeam "Biatorbagy II"]
[WhiteTeamCountry "HUN"]
[BlackTeamCountry "HUN"]

1. e4 c5 2. Nf3 e6 3. d4 cxd4 4. Nxd4 a6 5. Bd3 Nf6 6. Qe2 d6 7. c4 Qc7 8. Nc3
Nbd7 9. f4 Be7 10. O-O O-O 11. Be3 h6 12. Rac1 Re8 13. b4 b6 14. h3 Bb7 15. Qf2
Rac8 16. g4 Nh7 17. h4 Ndf8 18. Nf3 Bd8 19. g5 h5 20. Na4 Nd7 21. g6 fxg6 22.
f5 exf5 23. exf5 Qc6 24. b5 Qxf3 25. Qxf3 Bxf3 26. Rxf3 Ne5 27. fxg6 Nf6 28.
Bf5 Nxf3+ 29. Kf2 Ng4+ 30. Kxf3 Rxe3+ 31. Kf4 Bg5+ 32. hxg5 Rf8 33. bxa6 Re5
34. Nxb6 Rfxf5+ 35. Kg3 Re3+ 36. Kg2 Rf2+ 37. Kg1 Rg3+ 0-1

[Event "NB1 Charousek csoport"]
[Site "Biatorbagy"]
[Date "2024.11.03"]
[Round "1.8"]
[White "Csoli, Odon"]
[Black "Sipos, Janos"]
[Result "0-1"]
[WhiteElo "2043"]
[BlackElo "2161"]
[PlyCount "68"]
[EventDate "2024.11.03"]
[EventType "team-tourn"]
[EventRounds "11"]
[EventCountry "HUN"]
[Source "chess.hu"]
[SourceDate "2024.11.04"]
[WhiteTeam "Biatorbagy II"]
[BlackTeam "Tuxera ANSK II."]
[WhiteTeamCountry "HUN"]
[BlackTeamCountry "HUN"]

1. d4 Nf6 2. c4 c5 3. e3 g6 4. Nf3 Bg7 5. Nc3 O-O 6. Be2 cxd4 7. exd4 d5 8. O-O
dxc4 9. Ne5 Nc6 10. Bxc4 Bf5 11. Nxc6 bxc6 12. Be3 Ng4 13. h3 Nxe3 14. fxe3 e5
15. d5 cxd5 16. Bxd5 Rb8 17. e4 Be6 18. b3 Qg5 19. Rf3 Bxd5 20. Nxd5 f5 21. Qe2
fxe4 22. Rxf8+ Rxf8 23. Re1 Kh8 24. Qxe4 Qd2 25. Re2 Qc1+ 26. Kh2 Qc5 27. b4
Qb5 28. Rc2 Rd8 29. Rc5 Qe8 30. Rc7 Qg8 31. Ne7 Qe6 32. Rxa7 Bh6 33. Qc2 Bf4+
34. g3 Rd2+ 0-1

[Event "NB1 Charousek csoport"]
[Site "Biatorbagy"]
[Date "2024.11.03"]
[Round "1.9"]
[White "Biskopics, Marton"]
[Black "Fekete, Andras"]
[Result "1-0"]
[WhiteElo "1965"]
[BlackElo "1927"]
[PlyCount "101"]
[EventDate "2024.11.03"]
[EventType "team-tourn"]
[EventRounds "11"]
[EventCountry "HUN"]
[Source "chess.hu"]
[SourceDate "2024.11.04"]
[WhiteTeam "Tuxera ANSK II."]
[BlackTeam "Biatorbagy II"]
[WhiteTeamCountry "HUN"]
[BlackTeamCountry "HUN"]

1. c4 Nf6 2. Nc3 d5 3. d4 e6 4. Nf3 Be7 5. e3 O-O 6. Bd3 b6 7. cxd5 exd5 8. h3
Ba6 9. O-O Bxd3 10. Qxd3 c6 11. a3 a5 12. b3 h6 13. Bb2 Re8 14. Rac1 Bd6 15.
Ne2 Qe7 16. Ne5 Bxe5 17. dxe5 Nfd7 18. f4 Nc5 19. Qc2 Ne4 20. Nc3 Qe6 21. Nxe4
dxe4 22. Rfd1 Ra7 23. Rd6 Qe7 24. Rcd1 Rd7 25. Rxd7 Nxd7 26. Qxc6 Nc5 27. Qxb6
Nd3 28. Bd4 Qxa3 29. Ra1 Qb4 30. Qc6 Rb8 31. Qxe4 Qxb3 32. Rxa5 Qd1+ 33. Kh2
Qh1+ 34. Kxh1 Nf2+ 35. Kh2 Nxe4 36. Ra7 Re8 37. g4 g6 38. Kg2 Rc8 39. Kf3 Nd2+
40. Ke2 Ne4 41. Ra2 h5 42. Kf3 f5 43. exf6 Nd6 44. gxh5 gxh5 45. Rg2+ Kh7 46.
f7 Nf5 47. Rg5 Nxd4+ 48. exd4 Rf8 49. Rxh5+ Kg6 50. Rg5+ Kf6 51. Kg4 1-0

[Event "NB1 Charousek csoport"]
[Site "Biatorbagy"]
[Date "2024.11.03"]
[Round "1.10"]
[White "Felmery, Tamas"]
[Black "Babits, Andras"]
[Result "0-1"]
[WhiteElo "1840"]
[BlackElo "2058"]
[PlyCount "70"]
[EventDate "2024.11.03"]
[EventType "team-tourn"]
[EventRounds "11"]
[EventCountry "HUN"]
[Source "chess.hu"]
[SourceDate "2024.11.04"]
[WhiteTeam "Biatorbagy II"]
[BlackTeam "Tuxera ANSK II."]
[WhiteTeamCountry "HUN"]
[BlackTeamCountry "HUN"]

1. d4 g6 2. e4 Bg7 3. c4 d6 4. Nc3 Nf6 5. Nf3 O-O 6. Bd3 e5 7. d5 Nbd7 8. O-O
Nc5 9. Bc2 a5 10. b3 Bd7 11. Bb2 Nh5 12. Ne2 f5 13. exf5 Bxf5 14. Bxf5 gxf5 15.
g3 Qd7 16. Nh4 f4 17. Nc3 Qf7 18. g4 Nf6 19. f3 Kh8 20. Nf5 Rg8 21. Nxg7 Rxg7
22. h3 Rag8 23. Kf2 Qg6 24. Ke2 Re8 25. Qb1 Qh6 26. Rh1 Kg8 27. Ne4 Nfxe4 28.
fxe4 f3+ 29. Kd1 Rxg4 30. hxg4 Qxh1+ 31. Kc2 Qg2+ 32. Kc3 f2 33. Qh1 Nxe4+ 34.
Kd3 Qxh1 35. Rxh1 Ng3 0-1

[Event "NB1 Charousek csoport"]
[Site "Biatorbagy"]
[Date "2024.11.03"]
[Round "1.11"]
[White "Beznicza, Mira"]
[Black "Zsaki, Akos"]
[Result "1-0"]
[WhiteElo "1910"]
[BlackElo "1756"]
[PlyCount "67"]
[EventDate "2024.11.03"]
[EventType "team-tourn"]
[EventRounds "11"]
[EventCountry "HUN"]
[Source "chess.hu"]
[SourceDate "2024.11.04"]
[WhiteTeam "Tuxera ANSK II."]
[BlackTeam "Biatorbagy II"]
[WhiteTeamCountry "HUN"]
[BlackTeamCountry "HUN"]

1. e4 d6 2. Nf3 Nf6 3. d3 g6 4. g3 c5 5. Bg2 Bg7 6. O-O O-O 7. Nbd2 Nc6 8. Nc4
b5 9. Ne3 Bd7 10. c3 Qc8 11. Re1 Rb8 12. Nc2 Bg4 13. Bf4 Nh5 14. Qd2 Nxf4 15.
Qxf4 Ne5 16. Nxe5 dxe5 17. Qd2 Rd8 18. Ne3 c4 19. Nd5 Rb7 20. dxc4 bxc4 21. Qc2
Kf8 22. Ne3 Bd7 23. Bf1 Bb5 24. Red1 Rbd7 25. Rxd7 Rxd7 26. Rd1 Rc7 27. Rd5 Be8
28. Qd1 Qa6 29. Rd8 e6 30. Nxc4 Rxc4 31. Bxc4 Qb7 32. Qa4 Qe7 33. Rb8 Bf6 34.
Bb5 1-0

[Event "NB1 Charousek csoport"]
[Site "Biatorbagy"]
[Date "2024.11.03"]
[Round "1.12"]
[White "Simon, Gabor"]
[Black "Beznicza, Laszlo Bodo"]
[Result "0-1"]
[WhiteElo "1563"]
[BlackElo "1720"]
[PlyCount "88"]
[EventDate "2024.11.03"]
[EventType "team-tourn"]
[EventRounds "11"]
[EventCountry "HUN"]
[Source "chess.hu"]
[SourceDate "2024.11.04"]
[WhiteTeam "Biatorbagy II"]
[BlackTeam "Tuxera ANSK II."]
[WhiteTeamCountry "HUN"]
[BlackTeamCountry "HUN"]

1. e4 c5 2. c3 d6 3. d4 b6 4. Nf3 Bb7 5. Bb5+ Nd7 6. O-O a6 7. Bd3 Ngf6 8. Nbd2
g6 9. Re1 Bg7 10. Nf1 O-O 11. Bg5 Rc8 12. Rc1 b5 13. Qd2 Qa5 14. a3 cxd4 15.
cxd4 Qxd2 16. N1xd2 Rxc1 17. Rxc1 Rc8 18. Rxc8+ Bxc8 19. b4 Kf8 20. Kf1 Nb6 21.
Bc2 Bb7 22. Be3 Ng4 23. Bf4 d5 24. e5 Nc4 25. Ke2 Nxa3 26. Bd3 e6 27. h3 Nh6
28. g4 Ng8 29. h4 Ne7 30. Ng5 Kg8 31. h5 Bc8 32. Bg3 Nc6 33. hxg6 hxg6 34. Nb1
Nxd4+ 35. Ke3 Nac2+ 36. Kd2 Nxb4 37. Kc3 Nbc6 38. Kd2 Bxe5 39. Bxe5 Nxe5 40.
Ke3 Nxd3 41. Kxd3 Nc6 42. Nd2 f6 43. Ngf3 e5 44. Ke2 Bxg4 0-1